000 00366 a2200121 4500
001 ART_11429
005 20260410161857.0
008 260409a
245 1 0 _aIndicadores del sistema bancario de Córdoba
100 1 _aNeder, Ángel Enrique
700 1 _aMautino, Leonardo
773 0 _tRevista de Economía
_g- Nº 74 (jul./sep. 1994)
_wREV11077
999 _c25566
_d25566